Ville du monde de A à Z - 2 - Statistiques

Statistiques générales
  • Ce quiz a été pris 68 fois
  • Le résultat moyen est 15 sur 26
Statistiques - réponses
Hint Lettre Réponse % Correct
LA capitale de l'Europe B Bruxelles
97%
Le berceau de la démocratie A Athenes
95%
Ancienne capitale indonésienne J Jakarta
93%
Capitale de l'Arménie E Erevan
80%
Deuxième plus haute capitale au monde Q Quito
80%
Anciennement appelée Leningrad S Saint Petersbourg
80%
Ville d'Al Capone C Chicago
73%
Point de passage presque incontournable pour gravir l'Everest K Katmandou
73%
Plus grande ville d'Australie Occidentale P Perth
73%
Capitale de la Côte d'Ivoire Y Yamoussoukro
73%
Capitale du Sierra Leone F Freetown
72%
Meilleur ennemi d'Everton L Liverpool
70%
Célèbre pour mes 500 miles I Indianapolis
65%
Au sud de la megalopole New-Yorkaise W Washington
63%
Plus grande ville de Tanzanie D Dar es Salaam
62%
Ville de la famille Saoud R Riyad
62%
Terminus du Transibérien V Vladivostock
60%
Berceau du Blues M Memphis
57%
Capitale de l'État où est née la Tequila G Guadalajara
50%
"Le port parfumé" H Hong Kong
35%
Capitale des Ouïghours U Urumqi
32%
Meilleure amie de Tokyo N Nairobi
28%
Ville au pied du Cervin Z Zermatt
27%
Ville des "Héros rouges" O Oulan Bator
23%
Ville portuaire en face de Taiwan X Xiamen
15%
Ville aux 333 saints T Tombouctou
8%
Aucun quiz correspondant
Distribution des résultats
% des personnes avec chaque résultat
Percentile par nombre de réponses
Votre historique - résultats
Vous n’avez pas pris ce quiz